| 000 | 01223cam a22003617a 4500 | ||
|---|---|---|---|
| 003 | CHAP | ||
| 005 | 20220817044004.0 | ||
| 008 | 050201d2002 ce r 00110 eng d | ||
| 010 | _a89503 | ||
| 011 | _a90475 | ||
| 020 | _a9290905018 | ||
| 035 | _a101031 | ||
| 040 | _cCHAP | ||
| 090 | _aFolleto 16928 | ||
| 100 | 0 | 0 |
_aKikuchi, M. _963195 |
| 245 | 1 | 0 |
_aIrrigation sector in Sri Lanka : _brecent investment trends and the development path ahead _c/by M. Kikuchi (and others) |
| 260 |
_aColombo, sri Lanka, : _bInternational Water Management Institute, _c2002. |
||
| 300 | _a48 p. | ||
| 410 | 2 | 1 | _aInternational Water Management Institute |
| 490 | 0 |
_aResearch report _v; 62 |
|
| 590 |
_aBATCH-UPD _b10 _c20130110 _lUCH01 _h0504 |
||
| 590 |
_aBATCH-UPD _b10 _c20130110 _lUCH01 _h2231 |
||
| 590 |
_aBATCH-UPD _b10 _c20130410 _lUCH01 _h0142 |
||
| 590 |
_aBATCH-UPD _b10 _c20130914 _lUCH01 _h1652 |
||
| 590 |
_aCONVERSION _b10 _c20130109 _lUCH01 _h1350 |
||
| 650 | 1 | 4 |
_aIrrigación _xSri Lanka. _960484 |
| 810 | 0 | 0 | _aInternational Water Management Institute |
| 830 | 0 |
_aResearch report _v; 62 _996080 |
|
| 901 | _aBK | ||
| 905 | _aLilia | ||
| 942 | _cFOLL | ||
| 949 |
_aFolleto 16928 _bBC _cFOLL _d33724002001116 _eTS1 _i101031 _sb |
||
| 999 |
_c89503 _d89503 |
||